[Event "Staunton - A"]
[Site "Groningen"]
[Date "2002.09.06"]
[Round "1"]
[White "Pel, Bonno"]
[Black "Van der Marel, Lambertus"]
[Result "1-0"]
[WhiteElo "2241"]
[BlackElo "2120"]
[PlyCount "83"]
[EventDate "2002.09.06"]

1. e4 e5 2. f4 exf4 3. Nf3 g5 4. h4 g4 5. Ne5 Qe7 6. d4 d6 7. Nxg4 Qxe4+ 8. Qe2
Qxe2+ 9. Bxe2 Bg7 10. c3 Nc6 11. Bxf4 Nf6 12. Ne3 h5 13. Nd2 O-O 14. O-O-O Re8
15. Rde1 Be6 16. Bg5 d5 17. Bxf6 Bxf6 18. Bxh5 Ne7 19. Ng4 Bxg4 20. Bxg4 Ng6
21. g3 Nf8 22. Kd1 Red8 23. Rhf1 Rd6 24. Re2 a5 25. Ref2 Kg7 26. Bh5 Ng6 27.
Nf3 Re8 28. Nh2 Rf8 29. Ng4 Bd8 30. Ne3 Re6 31. Nxd5 c6 32. Nf4 Nxf4 33. Rxf4
f6 34. Bg4 Rd6 35. Be2 c5 36. Rg4+ Kh6 37. Bd3 f5 38. Rxf5 Rxf5 39. Bxf5 cxd4
40. Rxd4 Rxd4+ 41. cxd4 Bf6 42. d5 1-0

[Event "Staunton - A"]
[Site "Groningen"]
[Date "2002.09.07"]
[Round "3"]
[White "Geurink, Jasper"]
[Black "Van der Marel, Lambertus"]
[Result "0-1"]
[WhiteElo "2209"]
[BlackElo "2120"]
[PlyCount "104"]
[EventDate "2002.09.06"]

1. e4 e5 2. f4 exf4 3. Nf3 g5 4. h4 g4 5. Ne5 Nf6 6. d4 d6 7. Nd3 Nxe4 8. Bxf4
Nc6 9. c3 Bg7 10. Be2 h5 11. d5 O-O 12. dxc6 bxc6 13. Nf2 Re8 14. Nxe4 Rxe4 15.
O-O Qe7 16. Bg5 f6 17. Bd3 fxg5 18. Bxe4 Qxe4 19. Re1 Qf4 20. Qd2 Be5 21. Qxf4
gxf4 22. Nd2 Be6 23. Nb3 Rb8 24. Rac1 Bxb3 25. axb3 Rxb3 26. Rc2 a5 27. Ra1 Rb5
28. Ra4 Kg7 29. Kf2 Kg6 30. Rc4 c5 31. Ra4 Kf5 32. Re2 d5 33. Rd2 c4 34. Ra1 c6
35. Rad1 Bf6 36. g3 f3 37. Rc2 Rb7 38. Re1 Be5 39. Rd1 Bd6 40. Re1 Bc5+ 41. Kf1
a4 42. Ra1 Ra7 43. Re1 a3 44. bxa3 Rxa3 45. Rd1 Ke4 46. Re1+ Be3 47. Rcc1 Ra2
48. Rcd1 Rf2+ 49. Kg1 Rg2+ 50. Kh1 Re2 51. Rxe2 fxe2 52. Rb1 Bd2 0-1

[Event "Staunton - B"]
[Site "Groningen"]
[Date "2002.09.06"]
[Round "1"]
[White "Mostertman, Conrad"]
[Black "Tangarife, Gonzalo"]
[Result "1-0"]
[WhiteElo "1972"]
[BlackElo "1966"]
[PlyCount "43"]
[EventDate "2002.09.06"]

1. e4 e5 2. f4 exf4 3. Nf3 g5 4. h4 g4 5. Ng5 h6 6. Nxf7 Kxf7 7. Bc4+ d5 8.
Bxd5+ Ke8 9. Nc3 Nf6 10. d4 Bb4 11. O-O Bxc3 12. bxc3 Nxd5 13. exd5 f3 14. Qd3
Qf6 15. g3 Kd8 16. Bf4 Bf5 17. Qc4 Rh7 18. Rab1 b6 19. Rfe1 a5 20. d6 c6 21.
Qg8+ Kd7 22. Qe8# 1-0

[Event "Staunton - B"]
[Site "Groningen"]
[Date "2002.09.06"]
[Round "1"]
[White "Scheffer, Enno"]
[Black "Hummel, Joop"]
[Result "0-1"]
[WhiteElo "1985"]
[BlackElo "1920"]
[PlyCount "48"]
[EventDate "2002.09.06"]

1. e4 e5 2. f4 exf4 3. Nf3 g5 4. h4 g4 5. Ng5 h6 6. Nxf7 Kxf7 7. Bc4+ d5 8.
Bxd5+ Ke8 9. d4 Qd6 10. Nc3 Ne7 11. O-O f3 12. e5 Qg6 13. Be3 Nbc6 14. g3 Bf5
15. Bb3 Rd8 16. Nb5 Kd7 17. d5 Kc8 18. Qe1 Nxd5 19. Rd1 Nxe3 20. Qxe3 Bb4 21.
Kh2 Bxc2 22. Nxa7+ Kb8 23. Nxc6+ Qxc6 24. Rc1 24... Qe4 {vlag} 0-1

[Event "Staunton - B"]
[Site "Groningen"]
[Date "2002.09.07"]
[Round "3"]
[White "Mostertman, Conrad"]
[Black "Hummel, Joop"]
[Result "0-1"]
[WhiteElo "1972"]
[BlackElo "1920"]
[PlyCount "54"]
[EventDate "2002.09.06"]

1. e4 e5 2. f4 exf4 3. Nf3 g5 4. h4 g4 5. Ng5 h6 6. Nxf7 Kxf7 7. Bc4+ d5 8.
Bxd5+ Ke8 9. d4 Nf6 10. Nc3 Bb4 11. O-O Bxc3 12. bxc3 Nxd5 13. exd5 f3 14. Qd3
Qf6 15. g3 Kf7 16. Qc4 Bf5 17. Rb1 b6 18. d6+ Qe6 19. d5 Qxd6 20. Bf4 Qc5+ 21.
Qxc5 bxc5 22. Rb7 Na6 23. d6 Be4 24. Rb5 cxd6 25. Bxd6 Rhd8 26. Bf4 Bxc2 27.
Ra5 Bd3 0-1

[Event "Staunton - B"]
[Site "Groningen"]
[Date "2002.09.07"]
[Round "3"]
[White "Tangarife, Gonzalo"]
[Black "Scheffer, Enno"]
[Result "0-1"]
[WhiteElo "1966"]
[BlackElo "1985"]
[PlyCount "90"]
[EventDate "2002.09.06"]

1. e4 e5 2. f4 exf4 3. Nf3 g5 4. h4 g4 5. Ne5 Bg7 6. Nxg4 Nf6 7. Nxf6+ Bxf6 8.
Qh5 Nc6 9. Bc4 Ne5 10. Be2 Ng6 11. c3 Bxh4+ 12. Kd1 Qg5 13. Qxg5 Bxg5 14. d4 d6
15. Nd2 h6 16. Nf3 f6 17. Bd2 Ke7 18. Kc2 Be6 19. Bd3 Bf7 20. Rae1 Rae8 21. a4
c6 22. b4 Kd7 23. c4 b6 24. a5 c5 25. Ra1 b5 26. e5 fxe5 27. Bf5+ Kc7 28. dxc5
dxc5 29. cxb5 Rb8 30. b6+ axb6 31. axb6+ Kxb6 32. bxc5+ Kxc5 33. Ra5+ Rb5 34.
Nxg5 Rxa5 35. Nxf7 Ra2+ 36. Kc3 Rha8 37. Kd3 R8a3+ 38. Ke2 Re3+ 39. Kd1 Ra1+
40. Bc1 Ne7 41. Bh7 Nd5 42. Rxh6 e4 43. Ne5 Kd4 44. Nc6+ Kc3 45. Ne5 Rxc1+ 0-1

[Event "Staunton - C"]
[Site "Groningen"]
[Date "2002.09.06"]
[Round "1"]
[White "Knol, Geon"]
[Black "Van Pelt, Erwin"]
[Result "1-0"]
[WhiteElo "1836"]
[BlackElo "1791"]
[PlyCount "47"]
[EventDate "2002.09.06"]

1. e4 e5 2. f4 exf4 3. Nf3 g5 4. Bc4 Bg7 5. h4 h6 6. d4 d6 7. Ng1 Nf6 8. Nc3
Nc6 9. Nh3 Qe7 10. Nf2 Bd7 11. O-O O-O-O 12. b4 Ng4 13. Nd5 Qe8 14. c3 Nxf2 15.
Rxf2 Qxe4 16. Qa4 Nxd4 17. Qxa7 Nc6 18. Qa8+ Nb8 19. Re2 Rde8 20. Rxe4 Rxe4 21.
Bb3 Re1+ 22. Kf2 Rhe8 23. Qa5 b6 24. Qa7 1-0

[Event "Staunton - C"]
[Site "Groningen"]
[Date "2002.09.06"]
[Round "1"]
[White "Zuiderweg, Edwin"]
[Black "De Wit, Gerard"]
[Result "0-1"]
[WhiteElo "1806"]
[BlackElo "1797"]
[PlyCount "100"]
[EventDate "2002.09.06"]

1. e4 e5 2. f4 exf4 3. Nf3 g5 4. h4 g4 5. Ne5 Nf6 6. Bc4 d5 7. exd5 Bd6 8. d4
Nh5 9. Nxg4 Ng3 10. Rh3 h5 11. Rxg3 Qxh4 12. Qe2+ Kf8 13. Ne5 Qxg3+ 14. Qf2
Qxf2+ 15. Kxf2 Bf5 16. Bd3 Bxd3 17. Nxd3 Nd7 18. c4 c5 19. dxc6 bxc6 20. Bxf4
Bxf4 21. Nxf4 Nf6 22. Nd2 Kg7 23. Nf3 Ne4+ 24. Ke3 Rae8 25. Ne5 Ng5 26. Kd2 c5
27. Kd3 cxd4 28. Kxd4 Ne6+ 29. Nxe6+ Rxe6 30. Nf3 Re2 31. b4 Rxg2 32. Rg1 Rxg1
33. Nxg1 Kf6 34. c5 Ke6 35. b5 h4 36. Nh3 Rd8+ 37. Kc4 Kf5 38. b6 axb6 39. cxb6
Kg4 40. Nf2+ Kf3 41. Nd3 h3 42. Ne5+ Kg2 43. Nc6 Re8 44. b7 h2 45. b8=Q Rxb8
46. Nxb8 h1=Q 47. a4 Qh4+ 48. Kb5 Qg5+ 49. Kb6 Qd8+ 50. Kb7 Qa5 0-1

[Event "Staunton - C"]
[Site "Groningen"]
[Date "2002.09.07"]
[Round "2"]
[White "Knol, Geon"]
[Black "Zuiderweg, Edwin"]
[Result "1-0"]
[WhiteElo "1836"]
[BlackElo "1806"]
[PlyCount "65"]
[EventDate "2002.09.06"]

1. e4 e5 2. f4 exf4 3. Nf3 g5 4. Bc4 Bg7 5. h4 h6 6. d4 d6 7. Ng1 Nf6 8. Nc3
Qe7 9. Qe2 Bg4 10. Nf3 Nc6 11. Bb5 O-O 12. Bxc6 bxc6 13. hxg5 Nh5 14. Rh4 Ng3
15. Qd3 Bxf3 16. gxf3 hxg5 17. Rh2 Qf6 18. d5 c5 19. Ne2 Nxe2 20. Qxe2 Qg6 21.
Rg2 Be5 22. Qf1 Kg7 23. c3 Rh8 24. Bd2 Rab8 25. O-O-O a5 26. Qg1 f6 27. Rg4 a4
28. Qg2 Rh5 29. Rg1 Rbh8 30. Qf1 Rh4 31. Rxh4 Rxh4 32. Qb5 Rh3 33. Qd7+ 1-0

[Event "Staunton - C"]
[Site "Groningen"]
[Date "2002.09.07"]
[Round "2"]
[White "Van Pelt, Erwin"]
[Black "De Wit, Gerard"]
[Result "1/2-1/2"]
[WhiteElo "1791"]
[BlackElo "1797"]
[PlyCount "92"]
[EventDate "2002.09.06"]

1. e4 e5 2. f4 exf4 3. Nf3 g5 4. Nc3 Bg7 5. d4 d6 6. Bc4 Nc6 7. O-O h6 8. h4
Bg4 9. Ne2 Qe7 10. Qd3 O-O-O 11. b4 Re8 12. Bd5 Nd8 13. Nc3 Bxf3 14. Rxf3 Nf6
15. Qc4 Kb8 16. b5 Qd7 17. Ba3 Nxd5 18. exd5 Qg4 19. b6 axb6 20. Nb5 Re7 21.
Nxd6 Rd7 22. Nb5 Qf5 23. d6 c6 24. Nc7 Bf8 25. Ne8 Qe6 26. Qxe6 Nxe6 27. Nf6
Rd8 28. Rb3 Bxd6 29. Bxd6+ Rxd6 30. Rxb6 Nxd4 31. Ne4 Rd7 32. Nc5 Re7 33. Rab1
Nxc2 34. Nxb7 Kc7 35. Nc5 Re2 36. Rb7+ Kd6 37. Nb3 Re1+ 38. Rxe1 Nxe1 39. Rxf7
Nd3 40. Rf6+ Kc7 41. hxg5 hxg5 42. Rg6 Rh5 43. Nd4 c5 44. Ne6+ Kb7 45. Nxg5 c4
46. Ne4 Ra5 1/2-1/2

[Event "Staunton - C"]
[Site "Groningen"]
[Date "2002.09.07"]
[Round "3"]
[White "De Wit, Gerard"]
[Black "Knol, Geon"]
[Result "1/2-1/2"]
[WhiteElo "1797"]
[BlackElo "1836"]
[PlyCount "37"]
[EventDate "2002.09.06"]

1. e4 e5 2. f4 exf4 3. Nf3 g5 4. h4 g4 5. Ne5 d5 6. d4 Bh6 7. Nc3 Nf6 8. g3 Nh5
9. Ne2 f6 10. Nd3 Qe7 11. Ndxf4 Bxf4 12. Bxf4 Qxe4 13. Rg1 Nxf4 14. gxf4 h5 15.
Qd2 Bf5 16. O-O-O Qe6 17. Ng3 Be4 18. f5 Qf7 19. Re1 1/2-1/2

[Event "Staunton - C"]
[Site "Groningen"]
[Date "2002.09.07"]
[Round "3"]
[White "Zuiderweg, Edwin"]
[Black "Van Pelt, Erwin"]
[Result "1/2-1/2"]
[WhiteElo "1806"]
[BlackElo "1791"]
[PlyCount "113"]
[EventDate "2002.09.06"]

1. e4 e5 2. f4 exf4 3. Nf3 g5 4. h4 g4 5. Ne5 d6 6. Nxg4 Nf6 7. Nxf6+ Qxf6 8.
Nc3 Be6 9. Qf3 Nc6 10. Bb5 Rg8 11. Nd5 Bxd5 12. exd5 a6 13. dxc6 axb5 14. cxb7
Rb8 15. d3 Bh6 16. Bd2 Kd7 17. O-O Qxh4 18. Qd5 Qf6 19. Qxb5+ c6 20. Qh5 Rxb7
21. Bc3 Qg6 22. Qh3+ Kc7 23. Rae1 Kb8 24. Re4 f5 25. Re2 Qg4 26. Qf3 Qxf3 27.
Rxf3 Rg3 28. Ref2 Rg4 29. b3 Bg5 30. Bd2 Bh4 31. Re2 Bg3 32. Re6 Rbg7 33. Rxd6
Bh4 34. Bxf4 Rxg2+ 35. Kh1 Kb7 36. Rf1 Rxc2 37. Rc1 Rxc1+ 38. Bxc1 Bg3 39. Rf6
Re7 40. Rxf5 Re1+ 41. Kg2 Bc7 42. Bg5 Re2+ 43. Rf2 Re6 44. Kf1 Kb6 45. Re2 Rxe2
46. Kxe2 Kc5 47. Be7+ Kd4 48. Kd2 Bg3 49. a4 Kd5 50. Ke3 h5 51. Kf3 Bc7 52. Bh4
Kd4 53. Bf2+ Kxd3 54. b4 Kc4 55. Bc5 Kd5 56. a5 Bxa5 57. Be7 1/2-1/2

[Event "Staunton - D"]
[Site "Groningen"]
[Date "2002.09.06"]
[Round "1"]
[White "Koole, Bauke"]
[Black "Wiggerman, Jan"]
[Result "1-0"]
[WhiteElo "1762"]
[BlackElo "1752"]
[PlyCount "60"]
[EventDate "2002.09.06"]

1. e4 e5 2. f4 exf4 3. Nf3 g5 4. Bc4 Bg7 5. d4 d6 6. h4 h6 7. hxg5 hxg5 8. Rxh8
Bxh8 9. g3 g4 10. Bxf4 gxf3 11. Qxf3 Qe7 12. Nc3 Be6 13. Bxe6 Qxe6 14. O-O-O
Ne7 15. Qh5 Ng6 16. Qb5+ Nd7 17. Qxb7 Rb8 18. Qxc7 Nxf4 19. gxf4 f6 20. e5 d5
21. Na4 Rd8 22. Rg1 fxe5 23. fxe5 Qh6+ 24. Kb1 Qe3 25. Rd1 Qf3 26. Nc3 Nxe5 27.
dxe5 d4 28. Rg1 Qf7 29. Qc6+ Rd7 30. e6 Qf1+ 1-0

[Event "Staunton - D"]
[Site "Groningen"]
[Date "2002.09.06"]
[Round "1"]
[White "Spaans, Rob"]
[Black "Jelic, Bruno"]
[Result "1-0"]
[WhiteElo "1789"]
[BlackElo "2047"]
[PlyCount "47"]
[EventDate "2002.09.06"]

1. e4 e5 2. f4 exf4 3. Nf3 g5 4. Bc4 d6 5. Nc3 Bg7 6. O-O Be6 7. Bxe6 fxe6 8.
Nb5 Na6 9. Nfd4 Qe7 10. Qh5+ Kd7 11. Nxe6 Qxe6 12. Qxg5 Bh6 13. Qh4 c6 14. Nd4
Qg6 15. Qh3+ Ke8 16. Nf5 Bg5 17. d3 Ne7 18. Bxf4 Nxf5 19. exf5 Qh6 20. Qe3+ Kd7
21. Bxg5 Qg7 22. Qe6+ Kc7 23. Bf6 Qxg2+ 24. Kxg2 1-0

[Event "Staunton - D"]
[Site "Groningen"]
[Date "2002.09.07"]
[Round "2"]
[White "Spaans, Rob"]
[Black "Koole, Bauke"]
[Result "0-1"]
[WhiteElo "1789"]
[BlackElo "1762"]
[PlyCount "28"]
[EventDate "2002.09.06"]

1. e4 e5 2. f4 exf4 3. Nf3 g5 4. Bc4 Bg7 5. d4 d6 6. O-O Nc6 7. Nxg5 Bxd4+ 8.
Kh1 Qxg5 9. Rxf4 Nf6 10. c3 Be5 11. h4 Qg3 12. Bxf7+ Kxf7 13. Qh5+ Ke7 14. Qh6
Rg8 0-1

[Event "Staunton - D"]
[Site "Groningen"]
[Date "2002.09.07"]
[Round "3"]
[White "Koole, Bauke"]
[Black "Jelic, Bruno"]
[Result "1-0"]
[WhiteElo "1762"]
[BlackElo "2047"]
[PlyCount "55"]
[EventDate "2002.09.06"]

1. e4 e5 2. f4 exf4 3. Nf3 g5 4. h4 g4 5. Ne5 h5 6. Bc4 Nh6 7. d4 d6 8. Nd3 Be7
9. Bxf4 Nc6 10. c3 Bf6 11. Qd2 Bg7 12. Qf2 Qe7 13. O-O f6 14. Nd2 Bd7 15. g3
O-O-O 16. d5 Nb8 17. Qxa7 f5 18. e5 dxe5 19. Nc5 Qxc5+ 20. Qxc5 exf4 21. gxf4
Bf6 22. a4 Bxh4 23. a5 Rde8 24. a6 bxa6 25. d6 Bc6 26. Bxa6+ Kd7 27. dxc7 Nxa6
28. Rxa6 1-0

[Event "Staunton - D"]
[Site "Groningen"]
[Date "2002.09.07"]
[Round "3"]
[White "Wiggerman, Jan"]
[Black "Spaans, Rob"]
[Result "0-1"]
[WhiteElo "1752"]
[BlackElo "1789"]
[PlyCount "46"]
[EventDate "2002.09.06"]

1. e4 e5 2. f4 exf4 3. Nf3 g5 4. Nc3 d6 5. Bc4 Be6 6. Bxe6 fxe6 7. d4 g4 8. O-O
Bh6 9. Ne1 Nc6 10. Qxg4 Qf6 11. e5 dxe5 12. Ne4 Qf5 13. Qxf5 exf5 14. d5 Nd4
15. Nc5 O-O-O 16. c4 Ne2+ 17. Kf2 Nxc1 18. Rxc1 Nf6 19. h3 Ne4+ 20. Nxe4 fxe4
21. Rc3 Rhg8 22. Nc2 e3+ 23. Ke2 Rxg2+ 0-1

[Event "Staunton - E"]
[Site "Groningen"]
[Date "2002.09.06"]
[Round "1"]
[White "Ensink, Titus"]
[Black "Platje, Albert"]
[Result "1-0"]
[WhiteElo "1730"]
[BlackElo "1667"]
[PlyCount "91"]
[EventDate "2002.09.06"]

1. e4 e5 2. f4 exf4 3. Nf3 g5 4. Bc4 Nh6 5. d4 d6 6. h4 f6 7. Nc3 c6 8. Nxg5
fxg5 9. Qh5+ Kd7 10. hxg5 Ng8 11. Bxf4 Ne7 12. O-O-O Ng6 13. Rdf1 Kc7 14. Be3
Qe8 15. Bf7 Qe7 16. Bxg6 Be6 17. Bf7 Nd7 18. g6 Bg7 19. gxh7 Nf6 20. Bg5 Bxf7
21. Qf3 Qf8 22. Bxf6 Bh6+ 23. Kd1 Rxh7 24. e5 Bc4 25. exd6+ Kxd6 26. Be5+ Ke7
27. Qxf8+ Rxf8 28. Rxf8 Kxf8 29. Bf4 Kg7 30. Rxh6 Rxh6 31. Bxh6+ Kxh6 32. Ke1
Kg5 33. b3 Bf7 34. Ne4+ Kf4 35. Nd6 Bg6 36. Nxb7 Bxc2 37. Kd2 Be4 38. g3+ Kxg3
39. Kc3 Kf4 40. Kc4 Bd5+ 41. Kc5 Ke4 42. Na5 Kd3 43. Nxc6 Bxc6 44. Kxc6 Kxd4
45. Kb7 a5 46. Kb6 1-0

[Event "Staunton - E"]
[Site "Groningen"]
[Date "2002.09.06"]
[Round "1"]
[White "Kruizinga, Bram"]
[Black "Stallinga, Robert"]
[Result "1-0"]
[WhiteElo "1731"]
[BlackElo "1665"]
[PlyCount "27"]
[EventDate "2002.09.06"]

1. e4 e5 2. f4 exf4 3. Nf3 g5 4. h4 h6 5. hxg5 Be7 6. Bc4 Bxg5 7. Ne5 Bh4+ 8.
Kf1 Rh7 9. Qh5 Bf6 10. Nxf7 Qe7 11. Ng5+ Kf8 12. Nxh7+ Qxh7 13. Bxg8 Qxg8 14.
Qxh6+ 1-0

[Event "Staunton - E"]
[Site "Groningen"]
[Date "2002.09.07"]
[Round "2"]
[White "Kruizinga, Bram"]
[Black "Ensink, Titus"]
[Result "1-0"]
[WhiteElo "1731"]
[BlackElo "1730"]
[PlyCount "67"]
[EventDate "2002.09.06"]

1. e4 e5 2. f4 exf4 3. Nf3 g5 4. h4 g4 5. Ne5 Nf6 6. d4 d6 7. Nd3 Nxe4 8. Bxf4
Be6 9. Qe2 d5 10. Ne5 Qe7 11. Nc3 f6 12. Nxe4 dxe4 13. Nxg4 Bg7 14. Ne3 O-O 15.
d5 Bd7 16. Qc4 c6 17. O-O-O Kh8 18. g4 f5 19. g5 Be5 20. Bxe5+ Qxe5 21. Qb4 c5
22. Qxc5 Rc8 23. Qd4 Qxd4 24. Rxd4 Na6 25. Bxa6 bxa6 26. Rf1 Rf8 27. Ng2 Rae8
28. Kd2 Kg7 29. Nf4 Kf7 30. Nh5 Kg6 31. Nf6 Re7 32. Nxe4 fxe4 33. Rxf8 e3+ 34.
Ke2 1-0

[Event "Staunton - E"]
[Site "Groningen"]
[Date "2002.09.07"]
[Round "2"]
[White "Stallinga, Robert"]
[Black "Platje, Albert"]
[Result "0-1"]
[WhiteElo "1665"]
[BlackElo "1667"]
[PlyCount "80"]
[EventDate "2002.09.06"]

1. e4 e5 2. f4 exf4 3. Nf3 g5 4. Bc4 Bg7 5. h4 h6 6. d4 Nc6 7. c3 g4 8. Ng1 Nf6
9. e5 d5 10. exf6 Bxf6 11. Qe2+ Be6 12. Bd3 Bxh4+ 13. Kd1 Bg5 14. Bf5 f3 15.
gxf3 gxf3 16. Nxf3 Bxc1 17. Bxe6 fxe6 18. Qxe6+ Ne7 19. Ne5 Qd6 20. Qf7+ Kd8
21. Kxc1 c5 22. Rg1 Rc8 23. Qg7 Kc7 24. dxc5 Qxc5 25. Qg3 Rhg8 26. Ng6+ Kb6 27.
b4 Qxb4 28. Qe3+ d4 29. Nxe7 dxe3 30. Nd5+ Ka5 31. Rxg8 Qc5 32. Rxc8 Qxc8 33.
Nxe3 Qc5 34. Kd2 h5 35. Na3 Ka4 36. Nac4 b5 37. Nb2+ Ka3 38. Nc2+ Kxb2 39. Re1
Qf2+ 40. Kd3 Qxc2+ 0-1

[Event "Staunton - F"]
[Site "Groningen"]
[Date "2002.09.06"]
[Round "1"]
[White "Swemmer, Marijn"]
[Black "Plaut, Bas"]
[Result "0-1"]
[WhiteElo "1560"]
[BlackElo "1450"]
[PlyCount "100"]
[EventDate "2002.09.06"]

1. e4 e5 2. f4 exf4 3. Nf3 g5 4. d4 g4 5. Ne5 Qh4+ 6. g3 fxg3 7. Qxg4 Qxg4 8.
Nxg4 h5 9. hxg3 Bg7 10. Ne5 d6 11. Nf3 Bg4 12. Nbd2 Nc6 13. c3 O-O-O 14. Nh2
Nf6 15. Nxg4 hxg4 16. Bg2 Rxh1+ 17. Bxh1 Rh8 18. Bg2 Nh5 19. Nf1 Nf6 20. Be3
Re8 21. Nd2 Nh5 22. Bf2 f5 23. O-O-O d5 24. e5 Ne7 25. c4 f4 26. gxf4 Nxf4 27.
Bf1 Rf8 28. Kb1 Bh6 29. cxd5 Nexd5 30. Ne4 Nh3 31. Bc4 Nxf2 32. Nxf2 Rxf2 33.
Bxd5 g3 34. Rh1 c6 35. Be4 Be3 36. Rh8+ Kc7 37. Rh7+ Kb6 38. e6 g2 39. Bxg2
Rxg2 40. Rh4 Rg7 41. Re4 Bg5 42. Kc2 Kc7 43. Rg4 Kd6 44. Re4 Re7 45. Kd3 Rxe6
46. Rxe6+ Kxe6 47. Ke4 a5 48. b3 b5 49. a4 b4 50. Kd3 Kd5 0-1

[Event "Staunton - F"]
[Site "Groningen"]
[Date "2002.09.07"]
[Round "2"]
[White "Otte, Marijn"]
[Black "Plaut, Bas"]
[Result "1-0"]
[WhiteElo "1347"]
[BlackElo "1450"]
[PlyCount "58"]
[EventDate "2002.09.06"]

1. e4 e5 2. f4 exf4 3. Nf3 g5 4. Bc4 g4 5. O-O gxf3 6. Qxf3 Qf6 7. e5 Qxe5 8.
Bxf7+ Kxf7 9. d4 Qf6 10. Bxf4 Ke8 11. Qh5+ Qg6 12. Qe5+ Be7 13. Qxc7 Nc6 14. c3
Bd8 15. Qd6 Qxd6 16. Bxd6 Nf6 17. Nd2 Be7 18. Rae1 Nd5 19. c4 Kd8 20. cxd5 Bxd6
21. dxc6 dxc6 22. Nc4 Bb4 23. Re3 b6 24. Ne5 Kc7 25. Rf2 Kd6 26. Nc4+ Kd5 27.
b3 Be6 28. Re5+ Kxd4 29. Rf4+ Kd3 1-0

[Event "Staunton - F"]
[Site "Groningen"]
[Date "2002.09.07"]
[Round "3"]
[White "Swemmer, Marijn"]
[Black "Otte, Marijn"]
[Result "0-1"]
[WhiteElo "1560"]
[BlackElo "1347"]
[PlyCount "82"]
[EventDate "2002.09.06"]

1. e4 e5 2. f4 exf4 3. Nf3 g5 4. h4 g4 5. Ng5 h6 6. Nxf7 Kxf7 7. Qxg4 Nf6 8.
Qxf4 d6 9. Bc4+ Be6 10. Bxe6+ Kxe6 11. Nc3 Bg7 12. Qf5+ Kf7 13. O-O Rf8 14.
Qd5+ Ke8 15. Qxb7 Nbd7 16. d4 Ng4 17. Rxf8+ Kxf8 18. Qd5 Qxh4 19. Qf5+ Ke7 20.
Nd5+ Kd8 21. e5 Qe1+ 22. Qf1 Qxf1+ 23. Kxf1 dxe5 24. dxe5 Ndxe5 25. Bf4 c6 26.
Nc3 Ng6 27. Rd1+ Ke8 28. Re1+ Kf7 29. Bd6 Re8 30. Rxe8 Kxe8 31. Bc5 Bxc3 32.
bxc3 a6 33. Ke2 N6e5 34. Bd4 Ke7 35. Bxe5 Nxe5 36. Ke3 Ke6 37. Kd4 Nd7 38. a4
Kf5 39. Ke3 c5 40. Kf3 h5 41. g3 Nb6 0-1

[Event "Staunton - F"]
[Site "Groningen"]
[Date "2002.09.07"]
[Round "3"]
[White "Plaut, Bas"]
[Black "Van Niekerk, Theo"]
[Result "1-0"]
[WhiteElo "1450"]
[BlackElo "1617"]
[PlyCount "90"]
[EventDate "2002.09.06"]

1. e4 e5 2. f4 exf4 3. Nf3 g5 4. Bc4 d6 5. Nc3 Be6 6. Bxe6 fxe6 7. O-O e5 8. d4
Nd7 9. dxe5 dxe5 10. Qd5 c6 11. Qe6+ Qe7 12. Nxg5 Nc5 13. Qxe7+ Bxe7 14. Nf3
Nd7 15. g3 fxg3 16. hxg3 O-O-O 17. Bg5 h6 18. Bxe7 Nxe7 19. Rad1 Kc7 20. Nh4
Rhg8 21. Kg2 Rg7 22. Nf5 Nxf5 23. Rxf5 Rdg8 24. Ne2 Rg4 25. Rf7 Rd8 26. Nc3 Kc8
27. Rd6 Nc5 28. Rxh6 Nxe4 29. Nxe4 Rxe4 30. Rhh7 Rb4 31. b3 a6 32. Kf3 Kb8 33.
a3 Rb5 34. Ke3 Rd1 35. Ke2 Rg1 36. Rhg7 Ra1 37. a4 Rb4 38. Kd2 Ra2 39. Kc3 a5
40. g4 c5 41. g5 c4 42. g6 cxb3 43. cxb3 Ra3 44. Rxb7+ Rxb7 45. Rxb7+ Kxb7 1-0

[Event "Staunton - G"]
[Site "Groningen"]
[Date "2002.09.06"]
[Round "1"]
[White "Wortel, Henk"]
[Black "Rietveld, Dick"]
[Result "1-0"]
[WhiteElo "1178"]
[BlackElo "1178"]
[PlyCount "111"]
[EventDate "2002.09.06"]

1. e4 e5 2. f4 exf4 3. Nf3 g5 4. h4 g4 5. Ne5 Qe7 6. Nxg4 Qxe4+ 7. Qe2 d5 8.
Nf2 Qxe2+ 9. Bxe2 Nf6 10. b3 Rg8 11. Bb2 Ng4 12. Nxg4 Bxg4 13. Nc3 c6 14. Bxg4
Rxg4 15. O-O-O Nd7 16. Rde1+ Be7 17. Re2 Nf6 18. Rhe1 Ne4 19. Nxe4 O-O-O 20.
Nf6 Bxf6 21. Bxf6 Rdg8 22. Re8+ Kc7 23. R1e7+ Kb6 24. Rxg8 Rxg8 25. Bg5 h6 26.
Bxf4 Rxg2 27. Bxh6 Rg1+ 28. Kb2 Rh1 29. Bg5 Rf1 30. d3 f6 31. Bh6 Rh1 32. Be3+
Ka6 33. Rh7 Rh3 34. Bd4 f5 35. Bf6 f4 36. Rh5 Rf3 37. Rf5 Kb5 38. Be5 Kc5 39.
Bxf4 Rh3 40. h5 Kd4 41. h6 c5 42. Rf7 c4 43. dxc4 dxc4 44. Rd7+ Ke4 45. Bd2 Kf3
46. Rxb7 c3+ 47. Bxc3 Rxh6 48. Rxa7 Ke4 49. Rd7 Kf5 50. Rd8 Ke6 51. Bd4 Ke7 52.
Rh8 Rg6 53. a4 Kd7 54. b4 Rg4 55. c3 Kc6 56. Kb3 1-0

[Event "Staunton - G"]
[Site "Groningen"]
[Date "2002.09.07"]
[Round "2"]
[White "Staal, Piet"]
[Black "Wortel, Henk"]
[Result "1/2-1/2"]
[WhiteElo "1246"]
[BlackElo "1178"]
[PlyCount "43"]
[EventDate "2002.09.06"]

1. e4 e5 2. f4 exf4 3. Nf3 g5 4. h4 g4 5. Ne5 h5 6. d4 d6 7. Nd3 Qe7 8. Nc3 f5
9. Qe2 fxe4 10. Nxf4 Bg7 11. Ng6 Qe6 12. Nxh8 Bxh8 13. Qb5+ Kd8 14. Bg5+ Ne7
15. Bxe7+ Qxe7 16. O-O-O Nc6 17. Qd5 e3 18. Qg8+ Qe8 19. Qg5+ Kd7 20. Qf5+ Kd8
21. Qg5+ Kd7 22. Qf5+ 1/2-1/2